Statistics for Which Country Is Bigger? Multiple Choice

Click here to take the quiz!

General Stats

  • This quiz has been taken 74 times
    (25 since last reset)
  • The average score is 4 of 9

Answer Stats

QuestionAnswer% Correct
Which Country is Bigger?Estonia
88%
Which Country is Bigger?Kazakhstan
71%
Which Country is Bigger?China
67%
Which Country is Bigger?Grenada
33%
Which Country is Bigger?Comoros
33%
Which Country is Bigger?Oman
29%
Which Country is Bigger?Burundi
17%
Which Country is Bigger?Yemen
13%
Which Country is Bigger?Saudi Arabia
13%

Score Distribution

Percentile by Number Answered

Percent of People with Each Score

Your Score History

You have not taken this quiz since the last reset